Statistiques concernant De quels rapeurs viennent ces punchlines ?

Cliquez ici pour prendre le quiz!

Statistiques générales

  • Ce quiz a été pris 200 fois
  • Le résultat moyen est 3 sur 10

Statistiques - réponses

HintRéponse% Correct
« Vroom vroom, j’fais des roues arrière dans le cul d’ta madre »Booba
74%
« Elle t'fais les 400 coups mais quoiqu'elle fasse t'es accro »Jul
68%
« Toutes les femmes ne sont pas pareilles c'est vrai mais le diable parle à travers elles de la même façon »Damso
57%
« Se lever pour mille-deux c’est insultant »SCH
45%
« Le passé fut turbulent et nous réserve un futur brûlant »Nekfeu
41%
« Mais j’te quitterai dès qu’je trouve une chienne avec un meilleur pédigrée »Orelsan
24%
« La vie c'est une brasse : Tu peux sonder les abysses ou nager en surface »Népal
8%
« J'ai de l'or dans les couilles, il faut me sucer pour le croire »Lomepal
7%
« Je suis venue, j’ai vu, j’ai vaincu, puis j’ai fait marche arrière »Diam's
4%
« Quand je t’embrasse c’est comme une sorte de dauphin… sophistiqué »Roméo Elvis
4%

Distribution des résultats

Percentile par nombre de réponses

% des personnes avec chaque résultat

Votre développement - résultats

Vous n’avez pas pris ce quiz